Polycatenar vinamidinium salts-low-melting ionic mesogens displaying columnar mesomorphism /

Guardado en:
Detalles Bibliográficos
Otros Autores: Donnio, Bertrand., Guillon, Daniel., Roll, Carsten P., Weigand, Wolfgang.
Formato: Artículo
Lenguaje:English
Materias:
Etiquetas: Agregar Etiqueta
Sin Etiquetas, Sea el primero en etiquetar este registro!
Thư viện lưu trữ: Thư viện Trường Đại học Đà Lạt
LEADER 00994nam a2200325 4500
001 DLU090095569
005 ##20091201
040 # # |a DLU  |b eng 
041 # # |a eng 
044 # # |a us 
245 # # |a Polycatenar vinamidinium salts-low-melting ionic mesogens displaying columnar mesomorphism /  |c Carsten P. Roll ... [et al.]. 
653 # # |a Chemical synthesis 
653 # # |a Electron delocalization 
653 # # |a Iminium compounds 
653 # # |a Liquid crystals 
653 # # |a Organic compounds 
700 # # |a Donnio, Bertrand. 
700 # # |a Guillon, Daniel. 
700 # # |a Roll, Carsten P. 
700 # # |a Weigand, Wolfgang.  
773 # # |t Journal of Materials Chemistry  |g Vol. 13, no. 8 (2003), p. 1883-1886 
920 # # |a Phòng Tạp chí -- Trung tâm Thông tin - Thư viện Trường Đại học Đà Lạt 
994 # # |a DLU 
900 # # |a True 
911 # # |a Trương Bảo Trâm Anh 
925 # # |a G 
926 # # |a A 
927 # # |a BB 
980 # # |a Thư viện Trường Đại học Đà Lạt